[Event "Izhevsk Udmurtia-ch"]
[Site "Izhevsk"]
[Date "2011.12.03"]
[Round "3"]
[White "Efimov, Anton"]
[Black "Shibanov, Viktor"]
[Result "1-0"]
[WhiteElo "1960"]
[BlackElo "1926"]
[PlyCount "39"]
[EventDate "2011.12.02"]
[EventType "swiss"]
[EventRounds "11"]
[EventCountry "RUS"]
[SourceTitle "CBM 146 Extra"]
[Source "ChessBase"]
[SourceDate "2012.02.29"]
[SourceVersion "1"]
[SourceVersionDate "2012.02.29"]
[SourceQuality "1"]

1. e4 d5 2. exd5 Qxd5 3. d4 Nf6 4. Nc3 Qd6 5. Nf3 c6 6. Bc4 Nbd7 7. Be3 Nb6 8. Bb3 Bf5 9. Ne5 e6 10. g4 Bg6 11. h4 Be4 12. Nxe4 Nxe4 13. Qf3 f6 14. Qxe4 fxe5 15. 0-0-0 Nd7 16. dxe5 Qxe5 17. Qxe5 Nxe5 18. Bxe6 Ke7 19. Bb3 Nxg4 20. Bg5+ 1-0

[Event "Izhevsk-ch"]
[Site "Izhevsk"]
[Date "2010.02.20"]
[Round "6"]
[White "Poletaev, Vitaly"]
[Black "Shibanov, Viktor"]
[Result "0-1"]
[WhiteElo "2078"]
[BlackElo "1880"]
[PlyCount "188"]
[EventDate "2010.02.12"]
[EventType "swiss"]
[EventRounds "9"]
[EventCountry "RUS"]
[SourceTitle "EXT 2012"]
[Source "ChessBase"]
[SourceDate "2011.11.24"]
[SourceVersion "1"]
[SourceVersionDate "2011.11.24"]
[SourceQuality "1"]

1. e4 d5 2. exd5 Qxd5 3. d4 Nf6 4. Nc3 Qd6 5. h3 a6 6. Nf3 g6 7. Be3 Bg7 8. Qd2 0-0 9. Be2 Nc6 10. g4 b5 11. a3 Bb7 12. Rg1 b4 13. axb4 Nxb4 14. Ne5 Ne4 15. Nxe4 Bxe4 16. Nd3 Nxd3+ 17. Bxd3 Bxd3 18. Qxd3 Rfb8 19. Ra2 a5 20. Ke2 Qe6 21. b3 Rd8 22. Kf3 c5 23. Qe4 Qf6+ 24. Kg2 cxd4 25. Bd2 Qh4 26. Rxa5 Rxa5 27. Bxa5 Rc8 28. Re1 e5 29. Re2 Qf6 30. f3 Qe6 31. g5 h6 32. gxh6 Bxh6 33. Qd3 Bf4 34. Bd2 Bxd2 35. Qxd2 Kg7 36. Qg5 f6 37. Qg3 Rc3 38. Qf2 Qc6 39. Rd2 Qc5 40. h4 Kh6 41. Qe2 Re3 42. Qa6 f5 43. Qf6 Qc7 44. Rf2 Qg7 45. Qd8 Kh7 46. Qd5 Re1 47. Qa5 Re3 48. Qd8 Qb7 49. Qf6 Qg7 50. Qb6 Qe7 51. Qc6 Rc3 52. Qb5 Qc7 53. h5 f4 54. hxg6+ Kxg6 55. Qe8+ Kf6 56. Qf8+ Qf7 57. Qd6+ Qe6 58. Qf8+ Qf7 59. Qxf7+ Kxf7 60. Kh3 Kf6 61. Kg4 d3 62. cxd3 Rxb3 63. Rd2 Rb8 64. d4 Rg8+ 65. Kh4 Kf5 66. Kh3 Rg3+ 67. Kh2 Rxf3 68. dxe5 Kxe5 69. Kg2 Ra3 70. Kf2 Ke4 71. Re2+ Kf5 72. Rb2 Kg4 73. Rc2 Rh3 74. Rc8 Rh2+ 75. Kf1 Kg3 76. Kg1 Ra2 77. Rg8+ Kf3 78. Rb8 Ra1+ 79. Kh2 Re1 80. Rb7 Kf2 81. Kh3 f3 82. Rb3 Re3 83. Rb1 Rd3 84. Rb2+ Ke1 85. Rb1+ Rd1 86. Rb7 f2 87. Re7+ Kd2 88. Rd7+ Ke2 89. Re7+ Kf1 90. Kh2 Rd8 91. Rf7 Re8 92. Kg3 Kg1 93. Rg7 f1Q 94. Kh4+ Kh2 0-1

[Event "Izhevsk-ch"]
[Site "Izhevsk"]
[Date "2010.02.19"]
[Round "5"]
[White "Shibanov, Viktor"]
[Black "Ivanov, Nikolay A"]
[Result "1/2-1/2"]
[WhiteElo "1880"]
[BlackElo "1978"]
[PlyCount "120"]
[EventDate "2010.02.12"]
[EventType "swiss"]
[EventRounds "9"]
[EventCountry "RUS"]
[SourceTitle "EXT 2012"]
[Source "ChessBase"]
[SourceDate "2011.11.24"]
[SourceVersion "1"]
[SourceVersionDate "2011.11.24"]
[SourceQuality "1"]

1. d4 Nf6 2. Nf3 c5 3. d5 g6 4. g3 Bg7 5. Bg2 0-0 6. 0-0 d6 7. c4 b5 8. cxb5 a6 9. b6 Nbd7 10. Nc3 Nxb6 11. Nd2 Ra7 12. a4 e6 13. dxe6 Bxe6 14. e4 Re8 15. h3 Nc4 16. Nxc4 Bxc4 17. Re1 Rae7 18. Bf4 Re6 19. Qd2 Nh5 20. Be3 Nf6 21. Bg5 Qb6 22. Ra3 Qb4 23. Raa1 Nd7 24. Rab1 Ne5 25. Re3 Nc6 26. h4 Nd4 27. Ree1 Nb3 28. Qd1 Bxc3 29. bxc3 Qxc3 30. Bf4 Nd4 31. Rb6 d5 32. Rxe6 Rxe6 33. Re3 Qc2 34. Qxc2 Nxc2 35. Rc3 Nb4 36. exd5 Bxd5 37. Rxc5 Bxg2 38. Kxg2 Nc6 39. Bh6 f6 40. Bf4 Kf7 41. Rd5 Ne5 42. Be3 Rc6 43. Ba7 Ke6 44. Rd8 Rc4 45. a5 Nc6 46. Rc8 Nxa5 47. Re8+ Kf7 48. Rh8 h5 49. Bb6 Nc6 50. Ra8 Ra4 51. Kf3 a5 52. Ke3 Rb4 53. Bc5 Rc4 54. Bb6 a4 55. Kd3 Ne5+ 56. Kd2 Ke6 57. Ke2 Re4+ 58. Kd1 Kf5 59. Bd8 Rc4 60. Ke2 Nc6 1/2-1/2

[Event "Izhevsk-ch"]
[Site "Izhevsk"]
[Date "2010.02.17"]
[Round "4"]
[White "Gainullin, Yakov"]
[Black "Shibanov, Viktor"]
[Result "1-0"]
[WhiteElo "2125"]
[BlackElo "1880"]
[PlyCount "53"]
[EventDate "2010.02.12"]
[EventType "swiss"]
[EventRounds "9"]
[EventCountry "RUS"]
[SourceTitle "EXT 2012"]
[Source "ChessBase"]
[SourceDate "2011.11.24"]
[SourceVersion "1"]
[SourceVersionDate "2011.11.24"]
[SourceQuality "1"]

1. e4 c5 2. Nf3 d6 3. d4 cxd4 4. Nxd4 Nf6 5. Nc3 g6 6. f3 Bg7 7. Be3 Nc6 8. Qd2 0-0 9. Bc4 Bd7 10. 0-0-0 Qa5 11. Kb1 Rfc8 12. Bb3 Ne5 13. Bh6 Bxh6 14. Qxh6 Rxc3 15. bxc3 Qxc3 16. h4 a5 17. Ne2 Qc5 18. h5 Nc4 19. hxg6 fxg6 20. e5 Qxe5 21. Bxc4+ Be6 22. Bxe6+ Qxe6 23. Qd2 Ra6 24. Nf4 Rb6+ 25. Ka1 Qe5+ 26. Qd4 Qxd4+ 27. Rxd4 1-0

[Event "Izhevsk op"]
[Site "Izhevsk"]
[Date "2009.07.18"]
[Round "4"]
[White "Shibanov, Viktor"]
[Black "Kuznetsov, Vladimir2222"]
[Result "1-0"]
[WhiteElo "1844"]
[BlackElo "2089"]
[PlyCount "77"]
[EventDate "2009.07.15"]
[EventType "swiss"]
[EventRounds "9"]
[EventCountry "RUS"]
[SourceTitle "EXT 2010"]
[Source "ChessBase"]
[SourceDate "2010.11.25"]
[SourceVersion "1"]
[SourceVersionDate "2010.11.25"]
[SourceQuality "1"]

1. d4 Nf6 2. c4 g6 3. Nf3 Bg7 4. Nc3 0-0 5. g3 d6 6. Bg2 Nbd7 7. 0-0 e5 8. Qc2 c6 9. b3 Re8 10. Bb2 Qe7 11. Rad1 exd4 12. Nxd4 Nc5 13. Ba3 Bg4 14. h3 Bd7 15. e3 Rad8 16. b4 Ne6 17. Nb3 Nf8 18. b5 c5 19. Bb2 h5 20. Nd2 Be6 21. e4 h4 22. Ne2 hxg3 23. Nxg3 N6h7 24. Bxg7 Kxg7 25. Qc3+ Kg8 26. f4 Bc8 27. Nf3 Ne6 28. f5 Neg5 29. Nh2 gxf5 30. Nxf5 Bxf5 31. Rxf5 Ne6 32. Ng4 Qh4 33. Rdf1 Nd4 34. R5f2 f5 35. exf5 Qg5 36. Kh1 Nf6 37. Nxf6+ Qxf6 38. Bd5+ Kh7 39. Rg1 1-0